000
00245nam a2200097Ia 4500
001
945477
005
20250826215423.0
008
250824s9999 xx 000 0 und d
245
0
_a
ARKADAŞIM KİTAP
_c
SEVDAKAR ÇELİK
260
_b
AKVARYUM YAYINLARI
999
_c
945477
_d
945477